000 00619nam a2200181Ia 4500
008 151018s9999 xx 000 0 und d
082 _bRBASDV51246
_a891.438
100 _aसुदर्शन भाटीया
245 _aमानव कि रोचक बाते
250 _b1
260 _bसरोज बुक्स
_c2010
300 _a128
600 _aसुदर्शन भाटीया
630 _aमानव कि रोचक बाते
700 _aसुदर्शन भाटीया
730 _aमानव कि रोचक बाते
942 _cBOOK
999 _c1050138
_d1050135